[Event "Mittelfranken-chTB2b 1718"]
[Site "Mittelfranken"]
[Date "2017.10.08"]
[Round "1.4"]
[White "Pohl, Steffen"]
[Black "Rummel, Gerald"]
[Result "0-1"]
[WhiteElo "1873"]
[BlackElo "1815"]
[PlyCount "46"]
[EventDate "2017.10.08"]
[EventType "team-tourn"]
[EventRounds "9"]
[EventCountry "GER"]
[SourceTitle "EXT 2022"]
[Source "ChessBase"]
[SourceDate "2021.10.06"]
[SourceVersion "1"]
[SourceVersionDate "2021.10.06"]
[SourceQuality "1"]
[WhiteTeam "Schwanstetten"]
[BlackTeam "Nuernberg Anderssen"]
[WhiteTeamCountry "GER"]
[BlackTeamCountry "GER"]

1. e4 e6 2. b3 d5 3. Bb2 dxe4 4. Nc3 Nf6 5. g4 e3 6. fxe3 Nd5 7. Qf3 Qh4+ 8. Kd1 Nxc3+ 9. Bxc3 e5 10. h3 Bd6 11. Qd5 Nc6 12. Nf3 Bxg4 13. Be2 Bxf3 14. Qxf3 0-0 15. Bc4 Rae8 16. Rg1 Kh8 17. Bb5 Re6 18. Rg4 Qh5 19. Bd3 f5 20. Qd5 Ree8 21. Bxf5 Qxf5 22. Rg1 Qf2 23. Re1 Qf3+ 0-1

[Event "Mittelfranken-chT2b 1617"]
[Site "Mittelfranken"]
[Date "2016.12.11"]
[Round "4.6"]
[White "Lutzky, Manfred"]
[Black "Pohl, Steffen"]
[Result "1/2-1/2"]
[WhiteElo "1857"]
[BlackElo "1875"]
[PlyCount "35"]
[EventDate "2016.10.23"]
[EventType "team-tourn"]
[EventRounds "9"]
[EventCountry "GER"]
[SourceTitle "EXT 2022"]
[Source "ChessBase"]
[SourceDate "2021.10.06"]
[SourceVersion "1"]
[SourceVersionDate "2021.10.06"]
[SourceQuality "1"]
[WhiteTeam "Nuernberg Noris Tarrasch IV"]
[BlackTeam "Schwanstetten"]
[WhiteTeamCountry "GER"]
[BlackTeamCountry "GER"]

1. e4 e6 2. d4 d5 3. exd5 exd5 4. Bd3 Bd6 5. Ne2 Ne7 6. Bf4 Nbc6 7. c3 Bxf4 8. Nxf4 Qd6 9. Qf3 Be6 10. 0-0 0-0-0 11. Na3 Bf5 12. Nb5 Qd7 13. a4 h5 14. Rfe1 g5 15. Nxa7+ Nxa7 16. Rxe7 Qxe7 17. Bxf5+ Kb8 18. Nxd5 1/2-1/2

[Event "Nuremberg Zabo op 18th"]
[Site "Nuremberg"]
[Date "2016.09.17"]
[Round "2"]
[White "Hirn, Oskar"]
[Black "Pohl, Steffen"]
[Result "1-0"]
[WhiteElo "2129"]
[BlackElo "1814"]
[PlyCount "65"]
[EventDate "2016.09.16"]
[EventType "swiss"]
[EventRounds "5"]
[EventCountry "GER"]
[SourceTitle "EXT 2018"]
[Source "ChessBase"]
[SourceDate "2017.10.13"]
[SourceVersion "1"]
[SourceVersionDate "2017.10.13"]
[SourceQuality "1"]

1. Nf3 b6 2. g3 Bb7 3. Bg2 c5 4. 0-0 Nf6 5. d3 d5 6. a4 Nc6 7. Nbd2 d4 8. Nc4 g6 9. Bg5 Bg7 10. a5 Nxa5 11. Nxa5 bxa5 12. Qd2 0-0 13. Qxa5 Qb6 14. Bxf6 Bxf6 15. b3 e5 16. Nd2 Bxg2 17. Kxg2 Qc6+ 18. f3 Bg5 19. Ne4 Be7 20. Qa6 Qd5 21. Nd2 Rfb8 22. Qc4 Qd7 23. Ne4 a5 24. f4 Rb4 25. Qxc5 Bxc5 26. Nf6+ Kg7 27. Nxd7 Be7 28. Nxe5 Rb5 29. Ra4 Bb4 30. Nc6 Re8 31. Rf2 Bd2 32. Nxd4 Rc5 33. e4 1-0

[Event "Mittelfranken-chTB2b 1516"]
[Site "Mittelfranken"]
[Date "2015.11.08"]
[Round "2.5"]
[White "Pohl, Steffen"]
[Black "Haas, Maximilian"]
[Result "1-0"]
[WhiteElo "1814"]
[BlackElo "1744"]
[PlyCount "73"]
[EventDate "2015.10.18"]
[EventType "team-tourn"]
[EventRounds "9"]
[EventCountry "GER"]
[SourceTitle "EXT 2020"]
[Source "ChessBase"]
[SourceDate "2019.10.17"]
[SourceVersion "1"]
[SourceVersionDate "2019.10.17"]
[SourceQuality "1"]
[WhiteTeam "Schwanstetten"]
[BlackTeam "Erlangen SC III"]
[WhiteTeamCountry "GER"]
[BlackTeamCountry "GER"]

1. Nc3 e6 2. d4 d5 3. Bf4 a6 4. e3 Nf6 5. Nf3 c5 6. Be2 Qb6 7. Rb1 Bd7 8. 0-0 cxd4 9. exd4 Nc6 10. b4 Nxb4 11. a3 Qc6 12. Rb3 a5 13. axb4 a4 14. Nb5 Rc8 15. Rc3 Qb6 16. Rxc8+ Bxc8 17. Nc7+ Ke7 18. c4 Qxb4 19. cxd5 Nxd5 20. Nxd5+ exd5 21. Qc1 Be6 22. Qc7+ Ke8 23. Qb8+ Ke7 24. Rc1 a3 25. Rc7+ Bd7 26. Rxb7 a2 27. Rxb4 a1Q+ 28. Rb1 Qa3 29. Re1 f6 30. Bb5+ Kf7 31. Bxd7 g6 32. Qe8+ Kg7 33. Be6 Qa7 34. Qd7+ Qxd7 35. Bxd7 Bb4 36. Re8 Rxe8 37. Bxe8 1-0

[Event "Nuremberg Zabo op 16th"]
[Site "Nuremberg"]
[Date "2014.09.20"]
[Round "2"]
[White "Pohl, Steffen"]
[Black "Hofmann, Lorenz"]
[Result "1-0"]
[WhiteElo "1683"]
[BlackElo "1472"]
[PlyCount "93"]
[EventDate "2014.09.19"]
[EventType "swiss"]
[EventRounds "5"]
[EventCountry "GER"]
[SourceTitle "EXT 2018"]
[Source "ChessBase"]
[SourceDate "2017.10.13"]
[SourceVersion "1"]
[SourceVersionDate "2017.10.13"]
[SourceQuality "1"]

1. e4 e5 2. Nf3 Nc6 3. Bc4 Bc5 4. b4 Bxb4 5. c3 Ba5 6. d4 exd4 7. 0-0 Nge7 8. Qb3 0-0 9. cxd4 Ng6 10. Ba3 d6 11. e5 Bb6 12. Qb2 Re8 13. exd6 cxd6 14. Bb5 Nf4 15. Qd2 Qf6 16. d5 Nxd5 17. Bb2 Qf5 18. Bd3 Qh5 19. Ng5 h6 20. Ne4 Bc7 21. Ng3 Qg4 22. Be2 Qg5 23. f4 Qg6 24. Qxd5 Bh3 25. Bd3 Bb6+ 26. Kh1 Bxg2+ 27. Kxg2 Qg4 28. Qf3 Qe6 29. Nd2 Qd7 30. Rae1 Bd4 31. Bxd4 Nxd4 32. Qd5 Rxe1 33. Rxe1 Ne6 34. Qe4 g6 35. f5 Ng5 36. Qd5 Kg7 37. fxg6 fxg6 38. Qd4+ Kh7 39. Qe3 Qh3+ 40. Kg1 Rg8 41. Qe7+ Rg7 42. Qe2 Qh4 43. Kh1 Nh3 44. Rf1 Rd7 45. Qf3 Ng5 46. Qf6 Rg7 47. Nde4 1-0

[Event "Magdeburg op-A"]
[Site "Magdeburg"]
[Date "2014.06.12"]
[Round "7"]
[White "Pohl, Steffen"]
[Black "Borchert, Louis"]
[Result "0-1"]
[WhiteElo "1712"]
[BlackElo "1869"]
[PlyCount "56"]
[EventDate "2014.06.08"]
[EventType "swiss"]
[EventRounds "9"]
[EventCountry "GER"]
[SourceTitle "CBM 160 Extra"]
[Source "ChessBase"]
[SourceDate "2014.07.01"]
[SourceVersion "1"]
[SourceVersionDate "2014.07.01"]
[SourceQuality "1"]

1. e4 e5 2. Nf3 Nc6 3. Bc4 Bc5 4. b4 d5 5. exd5 Nxb4 6. c3 Nxd5 7. Nxe5 c6 8. 0-0 Ngf6 9. d4 Be7 10. Qc2 0-0 11. f4 Ng4 12. Rf3 f5 13. Rh3 Be6 14. Nxg4 fxg4 15. Qxh7+ Kf7 16. Rd3 Rh8 17. Qe4 Rh5 18. Rd1 Qh8 19. Re1 Qc8 20. Bxd5 cxd5 21. Qe3 Qd7 22. Ba3 Bxa3 23. Nxa3 Rah8 24. Qg3 Rxh2 25. Kf2 R8h3 26. Qxh3 gxh3 27. Kg3 Rxg2+ 28. Kf3 Bg4+ 0-1

[Event "Magdeburg op-A"]
[Site "Magdeburg"]
[Date "2014.06.08"]
[Round "2"]
[White "Gressmann, Hanna"]
[Black "Pohl, Steffen"]
[Result "0-1"]
[WhiteElo "1576"]
[BlackElo "1712"]
[PlyCount "94"]
[EventDate "2014.06.08"]
[EventType "swiss"]
[EventRounds "9"]
[EventCountry "GER"]
[SourceTitle "CBM 160 Extra"]
[Source "ChessBase"]
[SourceDate "2014.07.01"]
[SourceVersion "1"]
[SourceVersionDate "2014.07.01"]
[SourceQuality "1"]

1. e4 Nc6 2. Nf3 Nf6 3. Nc3 d5 4. exd5 Nxd5 5. Nxd5 Qxd5 6. Be2 Bf5 7. d3 0-0-0 8. a3 e5 9. 0-0 e4 10. dxe4 Qxe4 11. Bd3 Qd5 12. Bxf5+ Qxf5 13. Qe2 Bd6 14. Be3 Rhe8 15. Qc4 Re4 16. Qc3 Ne5 17. Nd4 Qh5 18. h3 Ng4 19. Rfe1 Be5 20. Rad1 Nxe3 21. fxe3 Bg3 22. Rf1 Qg5 23. Rd3 Qg6 24. Nf5 Rde8 25. Qxg7 Be5 26. Qxg6 fxg6 27. Nh6 Bxb2 28. Ng4 h5 29. Nf6 Bxf6 30. Rxf6 Rxe3 31. Rxg6 Rxd3 32. cxd3 Re3 33. Rg5 Rxd3 34. a4 Rd4 35. a5 h4 36. Rg8+ Kd7 37. Rg7+ Kc6 38. Rg6+ Rd6 39. Rg4 Rh6 40. Kf2 b6 41. Rg5 b5 42. Ke3 Rd6 43. Rh5 b4 44. Rxh4 Kb5 45. Rd4 Rg6 46. Rg4 Rh6 47. Rg5+ c5 0-1